000 00287nam a22001337a 4500
008 170529b xxu||||| |||| 00| 0 eng d
020 _a9780520074484
041 _aeng
080 _a94(100)
100 _a16
101 _aSHH
245 _aWAR OF SHADOWS
_cBROWN,M.F
942 _2udc
_cBK
999 _c14971
_d14971